000 00410nam a2200157 i 4500
001 52565
003 ES-MaACL
005 20230906162614.0
007 t|
008 030901s1961 ch ||||1| eng d
100 1 _aCheng, Chen.
_938337
245 1 0 _aLand reform in Taiwan /
_cChen Cheng.
260 _a[Taiwan :
_bs.n.,
_c1961]
300 _a332 p., 7 lám. ;
_c25 cm.
852 _aES-MaACL
_jC-22568
_bR.51181
999 _c52565
_d52565